Roland Garros winners - Statistiques

Statistiques générales
  • Ce quiz a été pris 68 fois
  • Le résultat moyen est 26 sur 58
Statistiques - réponses
an Winner % Correct
2025 Alcaraz
100%
2022 Nadal
96%
2024 Alcaraz
94%
2023 Djokovic
94%
2021 Djokovic
92%
2020 Nadal
92%
2019 Nadal
92%
2018 Nadal
92%
2017 Nadal
92%
2016 Djokovic
88%
2014 Nadal
88%
2013 Nadal
88%
2012 Nadal
88%
2011 Nadal
88%
2010 Nadal
88%
2009 Federer
86%
2008 Nadal
84%
2007 Nadal
82%
2006 Nadal
82%
2005 Nadal
80%
2015 Wawrinka
78%
1983 Noah
45%
2000 Kuerten
39%
2001 Kuerten
37%
2003 Ferrero
33%
1999 Agassi
27%
1981 Borg
25%
1980 Borg
25%
1979 Borg
25%
1978 Borg
25%
1989 Chang
25%
2004 Gaudio
25%
1997 Kuerten
22%
1984 Lendl
22%
1988 Wilander
22%
1985 Wilander
22%
1982 Wilander
22%
1986 Lendl
20%
1998 Moya
20%
1975 Borg
18%
1974 Borg
18%
1994 Bruguera
18%
1993 Bruguera
18%
2002 Costa
18%
1992 Courier
18%
1991 Courier
18%
1987 Lendl
18%
1995 Muster
18%
1990 Gomez
16%
1996 Kafelnikov
16%
1973 Nastase
14%
1976 Panatta
14%
1969 Laver
12%
1977 Vilas
12%
1971 Kodes
10%
1970 Kodes
10%
1968 Rosewall
10%
1972 Gimeno
6%
Aucun quiz correspondant
Distribution des résultats
% des personnes avec chaque résultat
Percentile par nombre de réponses
Votre historique - résultats
Vous n’avez pas pris ce quiz